|
|
|
|
| LEADER |
00000nas a22000001a 4500 |
| 001 |
vtls010301865 |
| 003 |
SK-MaSNL |
| 005 |
20260228161645.0 |
| 008 |
110810c19551960xo br p r 0 b0slo |
| 015 |
|
|
|a SNBDS17XX9999
|
| 015 |
|
|
|a 1034
|2 Balúnová 1945-60
|
| 038 |
|
|
|a SNKBUDS
|
| 040 |
|
|
|a SNK
|b slo
|c SNK
|e AACR2
|
| 041 |
0 |
|
|a slo
|
| 044 |
|
|
|a xo
|c SK
|
| 080 |
|
|
|a 37.011
|2 2001
|
| 080 |
|
|
|a 374
|2 2001
|
| 245 |
0 |
0 |
|a Osvetové novosti
|
| 260 |
|
|
|a Bratislava
|b Osvetové ústredie v Bratislave
|c 1955-1958
|
| 260 |
3 |
|
|3 1959-1960
|a Bratislava
|b Osvetové ústredie v Bratislave
|
| 300 |
|
|
|a 6 roč.
|c 30 x 21 cm
|
| 310 |
|
|
|a 1x za dva mesiace
|
| 362 |
0 |
|
|a Roč. I, č. 1 (1955)-roč. IV, č. 3 (1960)
|
| 500 |
|
|
|a Zmena podnázvu: od 1/V (1959) Bulletin Osvetového ústavu v Bratislave
|
| 500 |
|
|
|a Vych. v Bratislave dvojmesačne
|
| 500 |
|
|
|a Red. sa neuvádza, od 1/VI (marec 1960) Ján Ruman
|
| 500 |
|
|
|a Vyd. Osvetové ústredie v Bratislave, od 1/V (1959) spracoval a vydal kolektív Študijného oddelenia Osvetového ústavu v Bratislave
|
| 500 |
|
|
|a Tlač. rozmnož. cyklostylom
|
| 505 |
8 |
0 |
|g Roč. I. 1955 5 č.
|
| 505 |
8 |
0 |
|g Roč. II. 1956 6 č. po 22-34 s.
|
| 505 |
8 |
0 |
|g Roč. III. 1957 6 č. po 32-52 s.
|
| 505 |
8 |
0 |
|g Roč. IV. 1958 6 č. po 37-80 s.
|
| 505 |
8 |
0 |
|g Roč. V. 1959 5 č. po 40-95 s.
|
| 505 |
8 |
0 |
|g Roč. VI. 1960 3 č. po 45-65 s.
|
| 520 |
1 |
|
|a Bulletin obsahuje pomocné materiály pre osvetových pracovníkov a okrem číslovaných strán sú k jednotlivým číslam väčšinou priložené aj bibliografické záznamy o aktuálnych materiáloch z rôznych kultúrnych čas. s možnosťou usporiadania kartotéky na pomoc osvetovým pracovníkom. Jednotlivé č. sú zamerané na jednotlivé témy
|
| 650 |
0 |
7 |
|a osveta
|2 SNKPH
|9 16992
|
| 655 |
|
7 |
|a osvetové čsopisy
|2 SNKBUDS
|9 269192
|
| 700 |
1 |
|
|a Ruman, Ján
|4 pbd
|9 269193
|
| 710 |
2 |
|
|a Osvetové ústredie (Bratislava, Slovensko)
|e vydav.
|9 268851
|
| 852 |
|
|
|a SNK
|b 10000
|h ČSB 1090
|
| 852 |
|
|
|a SVKKK
|b 900000
|h C 1681
|
| 999 |
|
|
|c 5875
|d 7805
|